| 000 | 00464nam a2200169Ia 4500 | ||
|---|---|---|---|
| 008 | 230524s9999 xx 000 0 und d | ||
| 020 | _a9788131714751 | ||
| 082 |
_a4.133 _bSUD |
||
| 100 | _aThomas A.Sudkamp | ||
| 245 | 0 | _a"An Introduction to The Theory of Computer Science (Languages & Machines), 3rd ed" | |
| 250 | _a3RD | ||
| 260 |
_aNEW DELHI _bPearson _c2009 |
||
| 300 | _aXI;649 | ||
| 500 | _aQuantity Number: 5 | ||
| 650 | _aMathematics | ||
| 942 | _cBK | ||
| 999 |
_c46483 _d46483 |
||